| 000 | 00625nam a2200253 a 4500 | ||
|---|---|---|---|
| 001 | nice12345678 | ||
| 003 | IN_TiNIC | ||
| 005 | 20260116013243.0 | ||
| 008 | 050524s1993 newa grp 000 0 eng | ||
| 020 |
_a8124690 _c300 |
||
| 082 | 0 | 0 |
_a294.5921 _bVAN |
| 100 | _aVannucci, M | ||
| 245 | _aEcological Readings in the Veda. | ||
| 260 |
_aNew Delhi _bDk Printworld _c1993 |
||
| 300 | _a216p. | ||
| 500 | _aincludes index and biblioraphy | ||
| 505 | 2 | _aIndex | |
| 650 | _aVedas-Hinduism | ||
| 650 | _aEcology and Hinduism | ||
| 700 | 1 | _aVannucci, M | |
| 902 | _bSRS | ||
| 942 | _cBK | ||
| 999 |
_c10271 _d10271 |
||